000
00246nam a22001097a 4500
003
OSt
005
20250908143316.0
008
250908b |||||||| |||| 00| 0 eng d
040
_c
245
_a
GATE Mechanical/Aerospace
_c
GATE
942
_2
ddc
_c
BK
_n
0
999
_c
36247
_d
36247